Пять сестер. Современная проза Пенджаба: пер. с хинди и пенджаби; Друзья и Соседи; Незамужняя мать; Рассказы
| Andre forfattere: | , |
|---|---|
| Summary: | В сборник включены произведения пенджабских писателей разных поколений, разной творческой манеры, написанные в разное время. Наряду с основоположником пенджабской прозы Гурбакхшем Сингхом и такими крупными писателями, как Картар Сингх Дуггал, Суджан Сингх, Кулвант Сингх Вирк, в сборнике представлены авторы, принадлежащие к молодому поколению. Произведения, включенные в сборник, отличаются широтой охвата жизненного материала: раздел страны в 1947 году на два государства - Индиго и Пакистан, судьбы людей на фоне событий того времени, "маленький человек" в современном мире, кастовые предрассудки, раскрепощение женщины. Гуманистические и демократические идеи, глубокий патриотизм объединяют всех писателей, представленных в сборнике. |
| Sprog: | russisk |
| Udgivet: |
Москва, Прогресс, 1982
|
| TOC: | Друзья и Соседи; Незамужняя мать; Рассказы; |
| Fag: | |
| Format: | MixedMaterials Bog |
| KOHA link: | https://koha.lib.tpu.ru/cgi-bin/koha/opac-detail.pl?biblionumber=359812 |
MARC
| LEADER | 00000nam0a2200000 4500 | ||
|---|---|---|---|
| 001 | 359812 | ||
| 005 | 20231102011224.0 | ||
| 035 | |a (RuTPU)RU\TPU\retro\17117 | ||
| 090 | |a 359812 | ||
| 100 | |a 20210115d1982 m y0rusy50 ca | ||
| 101 | 1 | |a rus |c hin | |
| 102 | |a RU | ||
| 105 | |a a z 000ay | ||
| 200 | 1 | |a Пять сестер. Современная проза Пенджаба |e пер. с хинди и пенджаби |f сост. Н. Толстая ; под ред. И. Клычковой | |
| 210 | |a Москва |c Прогресс |d 1982 | ||
| 215 | |a 352 с. |c ил. | ||
| 330 | |a В сборник включены произведения пенджабских писателей разных поколений, разной творческой манеры, написанные в разное время. Наряду с основоположником пенджабской прозы Гурбакхшем Сингхом и такими крупными писателями, как Картар Сингх Дуггал, Суджан Сингх, Кулвант Сингх Вирк, в сборнике представлены авторы, принадлежащие к молодому поколению. Произведения, включенные в сборник, отличаются широтой охвата жизненного материала: раздел страны в 1947 году на два государства - Индиго и Пакистан, судьбы людей на фоне событий того времени, "маленький человек" в современном мире, кастовые предрассудки, раскрепощение женщины. Гуманистические и демократические идеи, глубокий патриотизм объединяют всех писателей, представленных в сборнике. | ||
| 464 | |t Друзья и Соседи |o роман | ||
| 464 | |t Незамужняя мать |o повесть | ||
| 464 | |t Рассказы |a Сингх, Гурбакхш | ||
| 606 | 1 | |a Индийская литература |2 stltpush |3 (RuTPU)RU\TPU\subj\12500 |9 39276 | |
| 610 | 1 | |a художественная литература | |
| 610 | 1 | |a романы | |
| 610 | 1 | |a повести | |
| 610 | 1 | |a рассказы | |
| 610 | 1 | |a патриотизм | |
| 675 | |a 891.1 |v 4 | ||
| 702 | 1 | |a Толстая |b Н. |4 220 | |
| 702 | 1 | |a Клычкова |b И. |4 340 | |
| 801 | 1 | |a RU |b 63413507 |c 20210115 | |
| 801 | 2 | |a RU |b 63413507 |c 20220120 |g RCR | |
| 942 | |c BK | ||